| 000 | 00629cam a2200193 a 4500 | ||
|---|---|---|---|
| 020 | _a9781422189863 (alk. paper) | ||
| 040 | _cDLC | ||
| 082 | 0 | 0 | _a658 HAR 2013 A116 Or. |
| 245 | 0 | 0 | _aHBR's 10 must reads on communication. |
| 246 | 3 | _aHBR's ten must reads on communication | |
| 246 | 3 | _aHarvard business review's 10 must reads on communication | |
| 260 |
_aBoston, Mass. : _bHarvard Business Review Press, _cc2013. |
||
| 300 |
_av, 190 p. ; _c21 cm. |
||
| 500 | _aIncludes index. | ||
| 650 | 0 | _aBusiness communication. | |
| 650 | 0 | _aCommunication in management. | |
| 650 | 0 | _aInterpersonal communication. | |
| 942 | _cAEDBB | ||
| 999 |
_c17518 _d17518 |
||